Responses for Show #5495 - Friday, June 27, 2008

Contestants

[<< previous game]

Michael Arjona, an economics teacher from Kennesaw, Georgia

Jean Whitcomb, a teller supervisor from Kalamazoo, Michigan

Dorothy Farrell, a researcher originally from Brooklyn, New York (whose 3-day cash winnings total $64,401)

[next game >>]

Jeopardy! Round responses

THE 5-YEAR PLAN
SINGERS' SIGNATURE SONGS
SHAKESPEAREAN NAME ROUNDUP
(Alex: We need the first and the last name.)
DOWN ECUADOR WAY
SCIENCE & NATURE
"D" TALKS
    $200 18
V-E Day (or Germany's surrender)

Michael
    $200 2
Celine Dion

Jean
    $200 7
Wolfgang Puck

Michael
    $200 26
Quito

Jean
    $200 1
roots

Jean
    $200 13
a duplex

Michael
    $400 19
Mississippi

Michael
    $400 3
Jimmy Buffett

Jean
    $400 8
Isadora Duncan

Dorothy
    $400 27
Galapagos

Dorothy
    $400 12
a calorie

Michael
    $400 14
dredge

Michael
    $600 20
Russia

Michael
    $600 4
Helen Reddy

Jean
    $1,000 9
Norman Lear

Dorothy
    $600 28
(Jean: What is Venezuela?)

Colombia

DorothyJean
    $600 23
cryogenics

Dorothy
    $600 15
Dalmatian

Dorothy
    $800 21
Sicilies

Triple Stumper
    $800 5
Gretchen Wilson

Jean
    $800 10
Ariel Sharon

Triple Stumper
    $800 29
Simon Bolivar

Michael
    $800 24
a suspension

Triple Stumper
    $800 16
a duke

Jean
    $1000 22
coal miners

Dorothy
    $1000 6
Harry Belafonte

Jean
    $1000 11
Gertrude Stein

Triple Stumper
    $1000 30
Peru

Michael
    $1000 25
negative

Dorothy
    $1000 17
digest

Triple Stumper

Scores at the first commercial break (after clue 15):

Dorothy Jean Michael
$2,000 $3,200 $1,200

Scores at the end of the Jeopardy! Round:

Dorothy Jean Michael
$5,600 $3,600 $4,200

Double Jeopardy! Round responses

JOHN STEINBECK
OF MICE & MEN
THE PEARL
THE GRAPES OF WRATH
"EAST"
OF EDEN
    $400 11
Oprah Winfrey

Dorothy
    $400 16
Jerry

Dorothy
    $400 26
silk

Dorothy
    $400 21
vermouth

Michael
    $400 6
East Germany

Jean
    $400 1
a sword

Dorothy
    $800 12
Norway

Dorothy
    $800 17
Dumbo

Jean
    $800 27
Richard Burton

Jean
    $800 22
Zinfandel

Triple Stumper
    $800 7
the Feast of Lights

Jean
    $800 2
Carl Sagan

Triple Stumper
    $1200 13
San Francisco

Triple Stumper
    $1200 18
The Green Mile

Dorothy
    $1200 28
Buddha

Jean
    $1200 23
a rosé

Michael
    $1200 8
Easter

Michael
    $1200 3
a four-leaf clover

Jean
    $1600 14
Captain (Henry) Morgan

Michael
    $1600 19
An American Tail

Jean
    $1600 29
(Dorothy: What is [*]?)
(Alex: Nay--say it again?)
(Dorothy: Nay-cruh? [*].)
(Alex: [*], yes.)

nacre

Dorothy
    $1600 24
Cabernet Sauvignon

Triple Stumper
    $1600 9
yeast

Jean
    $1600 4
Paradise Lost

Jean
    $2000 15
Charley

Dorothy
    $2000 20
(Jean: What's Mouse Trap?)
...
(Jean: [As Alex reveals the response] [*].)

MouseHunt

Jean
Triple Stumper
    $3,000 30
(Dorothy: What is...I don't know, what is cultured?)

baroque

Dorothy
    $2000 25
port

Jean
    $1,800 10
a beast

Jean
    $2000 5
the Orinoco

Michael

Scores at the end of the Double Jeopardy! Round:

Dorothy Jean Michael
$9,800 $15,400 $10,600

[wagering suggestions for these scores]

Final Jeopardy! Round responses

THE U.S. POPULATION
DorothyWhat is Wyoming?
$0
MichaelWhat is Montana?
$9,001
JeanWhat is Wyoming?
$5,801
Wyoming

Final scores:

Dorothy Jean Michael
$9,800 $21,201 $1,599
2nd place: $2,000 New champion: $21,201 3rd place: $1,000

Game dynamics:

Coryat scores:

Dorothy Jean Michael
$12,400 $15,600 $10,600
16 R
(including 1 DD),
1 W
(including 1 DD)
19 R
(including 1 DD),
2 W
14 R,
0 W

Combined Coryat: $38,600

[game clues] [game scores] [suggest correction]

Game tape date: 2008-03-19
The J! Archive is created by fans, for fans. Scraping, republication, monetization, and malicious use prohibited; this site may use cookies and collect identifying information. See terms. The Jeopardy! game show and all elements thereof, including but not limited to copyright and trademark thereto, are the property of Jeopardy Productions, Inc. and are protected under law. This website is not affiliated with, sponsored by, or operated by Jeopardy Productions, Inc. Join the discussion at JBoard.tv.